Scarlett Johansson - Sudden Death - Statistics

General Stats
  • This quiz has been taken 589 times
  • The average score is 6 of 17
Answers on the Grid
Answers color-coded by a green-red scale on the quiz's grid according to % correct below.
Jurassic World: Rebirth
Match Point
Deadpool vs Wolverine
The Illusionist
Lost in Translation
Knives Out
Spy Games
The Horse Whisperer
Atonement
The Prestige
Inception
Iron Man 2
The Notebook
Ghost World
Girl with a Pearl Earing
The Island
Anna
Captain America: First Avenger
The Fifth Element
Vicki Christina Barcelona
We Bought a Zoo
Lucy
Ghosted
The Imitation Game
Chef
Avengers; Endgame
Ocean’s Eight
JoJo Rabbit
Don Jon
Her
 
Answer Stats
Answer % Correct
Jurassic World: Rebirth
71%
Iron Man 2
57%
Lost in Translation
56%
Avengers; Endgame
55%
Lucy
51%
JoJo Rabbit
39%
Her
35%
Girl with a Pearl Earing
32%
We Bought a Zoo
30%
The Prestige
29%
Match Point
28%
Vicki Christina Barcelona
28%
Don Jon
26%
The Island
22%
Ghost World
16%
Chef
15%
The Horse Whisperer
15%
No matching quizzes found
Score Distribution
Percent of People with Each Score
Percentile by Number Answered
Your Score History
You have not taken this quiz